Statistiken für Länder, die mit V beginnen

Klicken Sie hier um das Quiz zu spielen!

Allgemein

  • Dieses Quiz wurde 42 mal gespielt
  • Das Durchschnittsergebnis liegt bei 6 aus 7

Antwortstatistiken

Land% Korrekt
Vietnam
92%
Venezuela
87%
Vanuatu
79%
Vatikanstadt
77%
Vereinigte Arabische Emirate
74%
Vereinigtes Königreich
72%
Vereinigte Staaten
72%

Verteilung der Resultate

Perzentil nach korrekt beantworteten Fragen

Anzahl Personen mit jedem Resultat

Ihre Resultats-Entwicklung

Sie haben dieses Quiz noch nicht gespielt